Statistics for Largest Counties in Texas

Click here to take the quiz!

General Stats

  • This quiz has been taken 160 times
  • The average score is 16 of 25

Answer Stats

PopulationCounty% Correct
2,553,385Dallas
97%
4,538,028Harris
86%
835,593El Paso
85%
1,897,753Bexar
83%
1,176,558Travis
82%
1,982,498Tarrant
79%
780,612Denton
72%
299,453Lubbock
72%
716,087Ft Bend
66%
322,225Galveston
62%
842,304Hidalgo
61%
537,559Montgomery
61%
359,715Nueces
61%
422,156Cameron
60%
914,127Collin
60%
508,514Williamson
59%
346,312Brazoria
55%
194,739Hays
53%
269,721Webb
52%
334,941Bell
51%
215,037Brazos
51%
254,308Jefferson
49%
245,671McLennan
45%
222,936Smith
39%
163,632Ellis
36%

Score Distribution

Percentile by Number Answered

Percent of People with Each Score

Your Score History

You have not taken this quiz